000 00429nam a2200157 i 4500
001 86793
003 ES-MaACL
007 t|
008 041215s1954 sp ||||1| spa d
100 1 _aKaye, M. M.
_967679
245 1 3 _aLa muerte entra en Cachemira
_b: novela /
_cM.M. Kaye.
250 _a[1ª ed.].
260 _aMadrid :
_bVéspero,
_c1954 (
_fSamarán)
300 _a344 p. ;
_c19 cm.
852 _aES-MaACL
_jC-8275
_bR.36465
999 _c86793
_d86793